000 00694nam a2200241Ia 4500
005 20260430150135.0
008 008 250103s9999 xx 000 0 eng d
037 _aTheses
040 _aCRL
040 _beng
040 _ceng
041 _2eng
041 _aeng
084 _qCRL
100 _aDas Vivek Au.; Hussain Firasat Gu.
_91236575
245 0 _aSyntehsis, Characterization and Application of Rare Earth-Transition Heterometallic Silico and Phosphotungstate Polyoxometalates
260 _c2021
300 _a151p.
650 _aChemistry
700 _aUniversity of Delhi. Faculty of Science. Deptt. of Chemistry
_91236464
942 _cTH
999 _c1849046
_d1849046